Southville International School and Colleges
Your cart is empty.
  • Cart
  • Lists
    Public lists list_1 View all
    Your lists Log in to create your own lists
  • Log in to your account
  • Your cookies
  • Search history
Southville International School and Colleges
  • Advanced search
  • Recent comments
  • Most popular
  • Libraries

Log in to your account

Log in with GOOGLE


If you do not have an external account, but do have a local account, you can still log in:

  1. Home
  2. MARC view: Nursing-senstive outcome change scores for hospitalized older adults with heart failure :
Normal view MARC view ISBD view

Nursing-senstive outcome change scores for hospitalized older adults with heart failure : (Record no. 121470)

[ view plain ]
MARC details
000 -LEADER
fixed length control field 00621nam a2200193Ia 4500
008 - FIXED-LENGTH DATA ELEMENTS--GENERAL INFORMATION
fixed length control field 140626s9999 xx 000 0 und d
100 ## - MAIN ENTRY--PERSONAL NAME
Personal name Park, Hyejin.
245 ## - TITLE STATEMENT
Title Nursing-senstive outcome change scores for hospitalized older adults with heart failure :
Remainder of title a preliminary descriptive study /
Statement of responsibility, etc Hyejin Park.
260 ## - PUBLICATION, DISTRIBUTION, ETC. (IMPRINT)
Date of publication, distribution, etc c2013.
300 ## - PHYSICAL DESCRIPTION
Extent 6 : 1, page 234
440 ## - SERIES STATEMENT/ADDED ENTRY--TITLE
Title Research in Gerontological Nursing
521 ## - TARGET AUDIENCE NOTE
Target audience note
650 ## - SUBJECT ADDED ENTRY--TOPICAL TERM
Topical term or geographic name as entry element Heart failure.
650 ## - SUBJECT ADDED ENTRY--TOPICAL TERM
Topical term or geographic name as entry element Hospitalization.
650 ## - SUBJECT ADDED ENTRY--TOPICAL TERM
Topical term or geographic name as entry element Nursing sensitive outcome change scores.
650 ## - SUBJECT ADDED ENTRY--TOPICAL TERM
Topical term or geographic name as entry element Older adults.
650 ## - SUBJECT ADDED ENTRY--TOPICAL TERM
Topical term or geographic name as entry element Patient care.
942 ## - ADDED ENTRY ELEMENTS (KOHA)
Koha item type Periodicals
Holdings
Withdrawn status Lost status Damaged status Home library Current library Shelving location Date acquired Total Checkouts Barcode Date last seen Price effective from Koha item type
      College Library College Library   06/26/2014   S0578 06/26/2014 06/26/2014 Periodicals

Nursing-senstive outcome change scores for hospitalized older adults with heart failure :

APA

Park H., . (2013). Nursing-senstive outcome change scores for hospitalized older adults with heart failure. : .

Chicago

Park Hyejin, . 2013. Nursing-senstive outcome change scores for hospitalized older adults with heart failure. : .

Harvard

Park H., . (2013). Nursing-senstive outcome change scores for hospitalized older adults with heart failure. : .

MLA

Park Hyejin, . Nursing-senstive outcome change scores for hospitalized older adults with heart failure. : . 2013.

  • Place hold
  • Print
  • Cite
  • Add to your cart (remove)
  • Save record
    BIBTEX Dublin Core MARCXML MARC (non-Unicode/MARC-8) MARC (Unicode/UTF-8) MARC (Unicode/UTF-8, Standard) MODS (XML) RIS
  • More searches
    Search for this title in:
    Other Libraries (WorldCat) Other Databases (Google Scholar) Online Stores (Bookfinder.com) Open Library (openlibrary.org)

Exporting to Dublin Core...

SOUTHVILLE LIBRARY

Southville International School and Colleges Library

1281 Tropical Ave. Cor. Luxembourg St., BF Homes International, Las Pinas City

Tel. No. 8256374 / 252358 Loc. 117/146

Powered by Koha